| 000 | 01006nas a2200337 4500 | ||
|---|---|---|---|
| 001 | BR2011004549 | ||
| 003 | BR-BrBNA | ||
| 005 | 20231205115528.0 | ||
| 007 | ta | ||
| 008 | 230509b bl.|||p| |||| 00| 00por d | ||
| 040 |
_aBR-BrBNA _bpor _cBiblioteca Nacional de Agricultura |
||
| 041 | _a(Pt) | ||
| 072 | _aQ03 | ||
| 100 | 1 | _aJoão, J.H. | |
| 100 | 1 | _aPicinin, L.C.A. | |
| 100 | 1 | _aFuck, J.J. | |
| 100 | 1 | _aBalensiefer, K. | |
| 100 | 1 | _aOliveira, S. de | |
| 100 | 1 | _aMarcílio, T. | |
| 100 | 1 | _aManfredini, P.G. | |
| 245 | 1 | _aQualidade microbiológica do leite pasteurizado, comercializado no município de Lages, SC | |
| 650 | _aLEITE PASTEURIZADO | ||
| 650 | _aCOLIFORME | ||
| 650 | _aSAÚDE | ||
| 650 | _aLEGISLAÇÃO | ||
| 650 | _aCONTROLE DE QUALIDADE | ||
| 650 | _aSEGURANÇA ALIMENTAR | ||
| 773 | 0 |
_tHigiene Alimentar (Brazil) _xISSN 0101-9171 _g(Jan-Feb 2011), v. 25(192/193) p. 164-169 _wBR2011004549 |
|
| 909 |
_a202311 _bLúcia _c55 _dLúcia Elande |
||
| 942 |
_2AGRIS _n0 _cANA |
||
| 999 |
_c214268 _d214268 |
||